[Event "Mecklenburg VP VL1819"]
[Site "Mecklenburg VP"]
[Date "2019.03.24"]
[Round "8.5"]
[White "Hilpert, Andreas"]
[Black "Westphal, Wolfgang"]
[Result "0-1"]
[WhiteElo "1860"]
[BlackElo "2075"]
[PlyCount "70"]
[EventDate "2018.10.21"]
[EventType "team-tourn"]
[EventRounds "9"]
[EventCountry "GER"]
[SourceTitle "EXT 2022"]
[Source "ChessBase"]
[SourceDate "2021.10.06"]
[SourceVersion "1"]
[SourceVersionDate "2021.10.06"]
[SourceQuality "1"]
[WhiteTeam "Ludwigslust VT 2000"]
[BlackTeam "Schwerin SF II"]
[WhiteTeamCountry "GER"]
[BlackTeamCountry "GER"]

1. d4 Nf6 2. Nf3 e6 3. e3 b6 4. Bd3 Bb7 5. Qe2 d6 6. c4 Nbd7 7. Nc3 Be7 8. e4 e5 9. d5 a5 10. h3 Nc5 11. Bc2 0-0 12. g4 Qd7 13. Be3 Ba6 14. Bxc5 bxc5 15. Ba4 Qc8 16. Bc6 Rb8 17. Nb5 Rb6 18. Rc1 Bb7 19. Bxb7 Qxb7 20. 0-0 Ne8 21. Rc3 c6 22. dxc6 Qxc6 23. Ra3 Nc7 24. Rxa5 Ne6 25. Kh2 Nf4 26. Qc2 f5 27. Ra7 fxe4 28. Rc7 Qa8 29. Ra7 Qb8 30. Rxe7 exf3 31. Qe4 Qd8 32. Ra7 Qh4 33. Qxf3 d5 34. Qg3 Qg5 35. Rb1 Rh6 0-1

[Event "Mecklenburg VP VL1819"]
[Site "Mecklenburg VP"]
[Date "2019.01.20"]
[Round "5.6"]
[White "Kohn, Thomas2222"]
[Black "Westphal, Wolfgang"]
[Result "0-1"]
[WhiteElo "1851"]
[BlackElo "2075"]
[PlyCount "122"]
[EventDate "2018.10.21"]
[EventType "team-tourn"]
[EventRounds "9"]
[EventCountry "GER"]
[SourceTitle "EXT 2022"]
[Source "ChessBase"]
[SourceDate "2021.10.06"]
[SourceVersion "1"]
[SourceVersionDate "2021.10.06"]
[SourceQuality "1"]
[WhiteTeam "Stralsund FHSG"]
[BlackTeam "Schwerin SF II"]
[WhiteTeamCountry "GER"]
[BlackTeamCountry "GER"]

1. Nf3 c5 2. g3 b6 3. Bg2 Bb7 4. 0-0 g6 5. d4 cxd4 6. Qxd4 Nf6 7. Bg5 Bg7 8. Nc3 0-0 9. Qd2 d6 10. Bh6 Nbd7 11. Rad1 Rc8 12. Rfe1 Qc7 13. Bxg7 Kxg7 14. Nd4 Bxg2 15. Kxg2 Ne5 16. Qg5 Qd7 17. e4 h6 18. Qc1 Qb7 19. f3 a6 20. Nde2 b5 21. Nd5 Nxd5 22. Rxd5 Qb6 23. b3 Rc7 24. Qd2 Rfc8 25. c3 Kh7 26. Qd4 Qa5 27. a4 Nd7 28. axb5 axb5 29. Qd2 Nf6 30. Rd3 Nd7 31. Qb2 Nc5 32. Rd5 b4 33. c4 Ra7 34. Rb1 Qa2 35. Nc1 Qxb2+ 36. Rxb2 Ra3 37. Kf2 f6 38. Ke2 Rca8 39. Kd2 Ra1 40. Kc2 R8a3 41. Rd4 Rxc1+ 42. Kxc1 Nxb3+ 43. Rxb3 Rxb3 44. f4 Kg7 45. Kc2 Rc3+ 46. Kb2 Re3 47. Rd5 Rc3 48. e5 fxe5 49. fxe5 dxe5 50. Rxe5 Kf6 51. Re4 e5 52. c5 Rxc5 53. Rxb4 Kf5 54. g4+ Kg5 55. Re4 Kh4 56. Ra4 Rc6 57. Re4 Re6 58. Kc3 Kh3 59. Kd3 Kxh2 60. Ke3 Kg3 61. Ra4 e4 0-1

[Event "Staufer op 31st"]
[Site "Schwaebisch Gmuend"]
[Date "2019.01.06"]
[Round "9"]
[White "Namyslo, Holger"]
[Black "Westphal, Wolfgang"]
[Result "1-0"]
[WhiteElo "2262"]
[BlackElo "2125"]
[PlyCount "49"]
[EventDate "2019.01.02"]
[EventType "swiss"]
[EventRounds "9"]
[EventCountry "GER"]
[SourceTitle "CBM 188 Extra"]
[Source "ChessBase"]
[SourceDate "2019.02.26"]
[SourceVersion "1"]
[SourceVersionDate "2019.02.26"]
[SourceQuality "1"]

1. e4 d5 2. exd5 Qxd5 3. Nc3 Qd8 4. d4 g6 5. Bc4 Bg7 6. Nf3 Nh6 7. Bf4 Nf5 8. Be5 0-0 9. Bxg7 Kxg7 10. Qd2 b6 11. 0-0-0 Bb7 12. d5 Nd6 13. Be2 c6 14. h4 h5 15. g4 hxg4 16. Qd4+ Kg8 17. h5 Nd7 18. hxg6 Nf6 19. Qf4 fxg6 20. Qh6 Nf5 21. Qxg6+ Ng7 22. Ng5 Qd6 23. Rh7 Qf4+ 24. Kb1 Qxg5 25. Rxg7+ 1-0